[Event "Koge EMT op 3rd"]
[Site "Koge"]
[Date "2022.04.29"]
[Round "3"]
[White "Nilsson, Anders"]
[Black "Jarlskov, Daniel Tuk Hartso"]
[Result "1-0"]
[WhiteElo "2237"]
[BlackElo "1995"]
[PlyCount "153"]
[EventDate "2022.04.29"]
[EventType "swiss"]
[EventRounds "5"]
[EventCountry "DEN"]
[SourceTitle "CBM 208 Extra"]
[Source "ChessBase"]
[SourceDate "2022.07.31"]
[SourceVersion "1"]
[SourceVersionDate "2022.07.31"]
[SourceQuality "1"]

1. d4 d5 2. Bf4 Nf6 3. e3 c5 4. c3 Nc6 5. Nd2 cxd4 6. exd4 Bf5 7. Ngf3 e6 8. Bb5 Bd6 9. Bxd6 Qxd6 10. Bxc6+ bxc6 11. Ne5 0-0 12. Nb3 a5 13. 0-0 Rfb8 14. Qe2 Rb5 15. Nc5 Rab8 16. b3 Ne4 17. Na4 f6 18. Nd3 Ng5 19. Ndc5 e5 20. Qe3 Ne4 21. f3 Nxc5 22. Nxc5 Re8 23. Rfe1 Bg6 24. Qf2 Rbb8 25. Qg3 Re7 26. Re2 Rbe8 27. Rae1 Qd8 28. Qf2 exd4 29. cxd4 Kf7 30. Rxe7+ Rxe7 31. Rxe7+ Qxe7 32. Qd2 Bb1 33. Kf2 Qc7 34. g3 h5 35. Qe1 Bf5 36. a3 Qb6 37. Qe2 g5 38. Qa6 Qb5 39. a4 Qb4 40. Qb7+ Qxb7 41. Nxb7 Ke7 42. Nxa5 Kd6 43. Nb7+ Kc7 44. Nc5 Kb6 45. b4 Bc8 46. Ke3 g4 47. fxg4 Bxg4 48. Kf4 Bh3 49. Ke3 Bg4 50. Kd2 Bh3 51. Nd3 Bf5 52. Nf4 Bg4 53. h3 Bf3 54. Ne6 Bg2 55. h4 Bh3 56. Nf4 Bg4 57. Kc3 Bd1 58. a5+ Kb5 59. Ne6 Ka6 60. Nc5+ Kb5 61. Nd7 Ka6 62. Nxf6 Kb5 63. Ne8 Ka6 64. Kd2 Bg4 65. Nd6 Bf3 66. Ke3 Bd1 67. Kf4 Be2 68. Ke5 Bd1 69. Ke6 Bg4+ 70. Ke7 Ka7 71. Nf7 Kb7 72. Ne5 Be2 73. Kd6 Bb5 74. g4 hxg4 75. Nxg4 Be2 76. Ne5 c5 77. bxc5 1-0

[Event "Copenhagen-ch Bronshoj op"]
[Site "Copenhagen"]
[Date "2022.02.13"]
[Round "5"]
[White "Jarlskov, Daniel Tuk Hartso"]
[Black "Meskenas, Paulius"]
[Result "1/2-1/2"]
[WhiteElo "1963"]
[BlackElo "2157"]
[PlyCount "99"]
[EventDate "2022.02.11"]
[EventType "swiss"]
[EventRounds "7"]
[EventCountry "DEN"]
[SourceTitle "EXT 2024"]
[Source "ChessBase"]
[SourceDate "2023.10.10"]
[SourceVersion "1"]
[SourceVersionDate "2023.10.10"]
[SourceQuality "1"]

1. c4 e6 2. d4 d5 3. Nc3 c6 4. Nf3 Nf6 5. Bf4 Bd6 6. Bg3 0-0 7. e3 h6 8. Bd3 Re8 9. Ne5 Qc7 10. c5 Bf8 11. Ng6 Qd8 12. Nxf8 Rxf8 13. Bd6 Re8 14. f4 Nbd7 15. g4 b6 16. b4 bxc5 17. bxc5 Qa5 18. Rc1 Ne4 19. Bxe4 dxe4 20. h4 f5 21. g5 Qd8 22. Qh5 Kh7 23. Rg1 Rg8 24. Rc2 Qe8 25. Qxe8 Rxe8 26. gxh6 Kxh6 27. Rcg2 Rg8 28. Rg6+ Kh7 29. R1g5 Nf6 30. Nb1 Bd7 31. Rg1 Ng4 32. h5 a5 33. Nd2 a4 34. Nc4 Be8 35. Rg5 Ra7 36. Kd2 a3 37. Rb1 Bf7 38. Ne5 Nxe5 39. Bxe5 Be8 40. Rb8 Kh6 41. Kc3 Rf8 42. Kb4 Rg8 43. Rc8 Rf8 44. Rd8 Rg8 45. Rb8 Rf8 46. Rc8 Rg8 47. Rc7 Rxc7 48. Bxc7 Bxh5 49. Kxa3 Bg4 50. Kb4 1/2-1/2

[Event "Copenhagen GoAudit op"]
[Site "Copenhagen"]
[Date "2021.11.14"]
[Round "7"]
[White "Fries Nielsen, Jens Ove"]
[Black "Jarlskov, Daniel Tuk Hartso"]
[Result "1-0"]
[WhiteElo "2383"]
[BlackElo "2042"]
[PlyCount "81"]
[EventDate "2021.11.12"]
[EventType "swiss"]
[EventRounds "7"]
[EventCountry "DEN"]
[SourceTitle "CBM 205 Extra"]
[Source "ChessBase"]
[SourceDate "2022.01.31"]
[SourceVersion "1"]
[SourceVersionDate "2022.01.31"]
[SourceQuality "1"]

1. e4 e5 2. Ne2 Nc6 3. f4 exf4 4. Nxf4 Nf6 5. Bc4 Bc5 6. b4 Bb6 7. Bb2 d6 8. d4 Bg4 9. Qd3 Qe7 10. Nd2 Nxb4 11. Qb3 Nc6 12. Nd5 Nxd5 13. Bxd5 0-0 14. Bxc6 bxc6 15. 0-0 c5 16. Qg3 Bh5 17. d5 f6 18. Bc3 Rab8 19. Rae1 c4+ 20. Kh1 Bc5 21. Nxc4 Bb4 22. a3 Bxc3 23. Qxc3 Be8 24. Ne3 Bg6 25. Nf5 Qd7 26. Nd4 Rfe8 27. Nc6 Rb5 28. Qd4 Rc5 29. c4 a5 30. h3 Rxc6 31. dxc6 Qxc6 32. Qd5+ Qxd5 33. exd5 Rb8 34. Re7 Rb3 35. Rf3 Rb2 36. Rxc7 Be4 37. Rg3 g5 38. c5 dxc5 39. d6 Bf5 40. Rf3 g4 41. Rxf5 1-0

[Event "Copenhagen GoAudit op"]
[Site "Copenhagen"]
[Date "2021.11.12"]
[Round "2"]
[White "Jarlskov, Daniel Tuk Hartso"]
[Black "Laursen, Niels Norskov"]
[Result "0-1"]
[WhiteElo "2042"]
[BlackElo "2214"]
[PlyCount "190"]
[EventDate "2021.11.12"]
[EventType "swiss"]
[EventRounds "7"]
[EventCountry "DEN"]
[SourceTitle "CBM 205 Extra"]
[Source "ChessBase"]
[SourceDate "2022.01.31"]
[SourceVersion "1"]
[SourceVersionDate "2022.01.31"]
[SourceQuality "1"]

1. c4 e5 2. Nc3 Nf6 3. g3 d5 4. cxd5 Nxd5 5. Bg2 Nb6 6. Nf3 Nc6 7. 0-0 Be7 8. b3 0-0 9. Bb2 Re8 10. d3 Bf8 11. Rc1 a5 12. a3 Bg4 13. h3 Be6 14. Nb5 a4 15. b4 Qd7 16. Nxe5 Nxe5 17. Nxc7 Bxh3 18. Nxa8 Nxa8 19. d4 Bxg2 20. Kxg2 Qd5+ 21. f3 Nc4 22. e4 Ne3+ 23. Kg1 Nxd1 24. exd5 Nxb2 25. Rc2 Nd3 26. Rd2 Ne1 27. Kf2 Bd6 28. f4 h5 29. Rxe1 Rxe1 30. Kxe1 Nb6 31. Rc2 Kf8 32. Kf2 Ke7 33. Kf3 g6 34. Re2+ Kd7 35. f5 Nxd5 36. fxg6 fxg6 37. Rc2 b5 38. Ke4 Nb6 39. Rc3 Nc4 40. Kd5 g5 41. Rf3 Ke7 42. Kc6 g4 43. Rd3 h4 44. gxh4 g3 45. Kxb5 g2 46. Rd1 Ne3 47. Re1 Kd7 48. Rg1 Bh2 49. Rxg2 Nxg2 50. Kxa4 Nxh4 51. Kb5 Kc7 52. a4 Nf5 53. Kc4 Bg1 54. d5 Nd6+ 55. Kb3 Kb6 56. Kc3 Ne4+ 57. Kc4 Nd6+ 58. Kc3 Bf2 59. Kb3 Bg3 60. Kc3 Nc8 61. Kd4 Bd6 62. Kc4 Ne7 63. Kd4 Nf5+ 64. Kc4 Ne3+ 65. Kd4 Nc2+ 66. Ke4 Nxb4 67. a5+ Kxa5 68. Kf5 Kb5 69. Ke6 Kc5 70. Kf5 Kxd5 71. Kg4 Nd3 72. Kf3 Bc5 73. Kg4 Ke4 74. Kg3 Nf4 75. Kg4 Bd4 76. Kg3 Nd3 77. Kg4 Bf6 78. Kg3 Ne5 79. Kf2 Bg5 80. Kg3 Ke3 81. Kg2 Bf4 82. Kf1 Ng4 83. Kg2 Nf2 84. Kf1 Kf3 85. Kg1 Be5 86. Kf1 Bh2 87. Ke1 Ne4 88. Kf1 Nd2+ 89. Ke1 Ke3 90. Kd1 Kd3 91. Kc1 Nc4 92. Kd1 Bg3 93. Kc1 Bh4 94. Kd1 Nb2+ 95. Kc1 Kc3 0-1

[Event "DEN-ch U16 rapid"]
[Site "Odense"]
[Date "2021.10.01"]
[Round "1"]
[White "Aggerbeck Lauritzen, Nikolaj"]
[Black "Jarlskov, Daniel Tuk Hartso"]
[Result "0-1"]
[WhiteElo "1566"]
[BlackElo "1906"]
[PlyCount "98"]
[EventDate "2021.10.01"]
[EventType "swiss"]
[EventRounds "5"]
[EventCountry "DEN"]
[SourceTitle "EXT 2024"]
[Source "ChessBase"]
[SourceDate "2023.10.10"]
[SourceVersion "1"]
[SourceVersionDate "2023.10.10"]
[SourceQuality "1"]

1. d4 d5 2. Bf4 c5 3. c3 Nc6 4. e3 Nf6 5. Nd2 e6 6. Ngf3 Bd6 7. Bxd6 Qxd6 8. Bd3 0-0 9. 0-0 e5 10. dxe5 Nxe5 11. Nxe5 Qxe5 12. Nf3 Qd6 13. h3 b6 14. c4 d4 15. exd4 cxd4 16. Be2 Rd8 17. Qd3 Qc5 18. Rad1 Bf5 19. Qb3 Rac8 20. Bd3 Bxd3 21. Rxd3 Qxc4 22. Rfd1 g6 23. Qxc4 Rxc4 24. Nxd4 Ne4 25. f3 Nc5 26. R3d2 a5 27. b3 Rc3 28. Nb5 Rcd3 29. Rxd3 Rxd3 30. Rxd3 Nxd3 31. Nd4 Kf8 32. Kf1 Ke7 33. a4 Kd6 34. Ke2 Nf4+ 35. Kf2 Kc5 36. Nb5 Kb4 37. Kg3 Nd5 38. Nd6 f5 39. Kh4 Kxb3 40. Kg5 Kxa4 41. Kh6 b5 42. Kxh7 Ne7 43. g4 fxg4 44. fxg4 b4 45. h4 b3 46. Nc4 Kb4 47. Ne5 Kc3 48. Nxg6 Nxg6 49. Kxg6 b2 0-1